Allgemeinwissen nach Buchstabe - A - Statistiken

Allgemein
  • Dieses Quiz wurde 124 mal gespielt
    111 seit der letzten Aktualisierung
  • Das Durchschnittsergebnis liegt bei 14 aus 17
Antwortstatistiken
Antwort % Korrekt
Bundeswappen Deutschlands Adler
99%
Republik in Südamerika und Heimat von Lionel Messi Argentinien
99%
Erster Bundeskanzler der Bundesrepublik Deutschland (Nachname) Konrad Adenauer
99%
Der wasserreichste Fluss der Erde Amazonas
98%
Hauptstadt der Türkei Ankara
95%
Erster Mensch auf dem Mond (Nachname) Neil Armstrong
95%
Region rund um den Nordpol Arktis
94%
deutsche Jüdin, die mit ihrer Familie zwei Jahre versteckt in einem Hinterhaus in Amsterdam lebte, um der Verfolgung durch die Nationalsozialisten zu entgehen Anne Frank
89%
chemisches Symbol für Silber Ag
86%
Wirbeltierklasse, der bspw. Froschlurche angehören Amphibien
85%
Höchste Bergkette in Amerika Anden
84%
Physikalische Einheit der Stromstärke Ampere
83%
griechischer Philosoph und Naturforscher und Schüler von Platon Aristoteles
82%
Fachbegriff für die Hauptschlagader Aorta
76%
Sammelbezeichnung für die indigenen Völker Australiens Aborigines
62%
Gegenteil von Sympathie Antipathie
57%
amerikanischer Drehbuchautor und Regisseur,zu seinen bekanntesten Filmen zählen "Der Stadtneurotiker" und "Manhatten" (Nachname) Woody Allen
24%
Keine übereinstimmenden Quizze gefunden
Verteilung der Resultate
Anzahl Personen mit jedem Resultat
Perzentil nach korrekt beantworteten Fragen
Ihre Resultats-Entwicklung
Sie haben dieses Quiz seit der letzten Aktualisierung nicht gespielt